Optimalizácia metód spracovania obrazu na FPGA

Salvato in:
Dettagli Bibliografici
Autore principale: Beňovičová, Adriana (Autore)
Altri autori: Jelemenská, Katarína (Relatore della tesi)
Natura: Manoscritto Libro
Lingua:slovacco
Pubblicazione: 2017
Soggetti:
Accesso online:http://is.stuba.sk/zp/portal_zp.pl?podrobnosti=131655
Tags: Aggiungi Tag
Nessun Tag, puoi essere il primo ad aggiungerne!!

MARC

LEADER 00000ntm a22000003a 4500
001 stuzp64535
003 SK-STU
005 20170624213521.6
007 ta
008 150427s2015----xo-----f-mn---000-0-slo-d
040 |a STU  |b slo 
041 0 |a slo 
100 1 |a Beňovičová, Adriana  |u 070400  |4 aut  |U FIIT Fakulta informatiky a informačných technológií  |T FIIT Ústav počítačového inžinierstva a aplikovanej informatiky  |X 73669  |U I400  |Y 672  |7 73669 
242 0 1 |a Optimization of image processing methods on FPGA  |y eng 
245 1 0 |a Optimalizácia metód spracovania obrazu na FPGA 
260 |c 2017 
650 4 |a Vivado  |2 slo 
650 4 |a Xilinx  |2 slo 
650 4 |a Fast Corner  |2 slo 
650 4 |a Vivado  |2 eng 
650 4 |a Xilinx  |2 eng 
650 4 |a Fast Corner  |2 eng 
700 1 |a Jelemenská, Katarína  |u 070400  |k Z1  |4 ths  |U FIIT Fakulta informatiky a informačných technológií  |T FIIT Ústav počítačového inžinierstva a aplikovanej informatiky  |X 1867  |U I400  |Y 672  |7 1867 
856 4 |u http://is.stuba.sk/zp/portal_zp.pl?podrobnosti=131655 
996 |b 11237  |c I* BAP18/17  |l II680  |s P  |a 0  |w stuzp64535_0001